Statistics for Fashion Brands

Click here to take the quiz!

General Stats

  • This quiz has been taken 835 times
  • The average score is 19 of 110

Answer Stats

Answer% Correct
Gucci
92%
Chanel
86%
Louis Vuitton
80%
Prada
75%
Dior
74%
Versace
64%
Balenciaga
62%
Armani
57%
Hermès
54%
Yves Saint Laurent
54%
Burberry
50%
Fendi
50%
Dolce & Gabbana
48%
Calvin Klein
47%
Ralph Lauren
47%
Rolex
45%
Valentino
42%
Cartier
38%
Alexander McQueen
37%
Givenchy
37%
Hugo Boss
33%
Tiffany
32%
Tom Ford
32%
Jimmy Choo
29%
Lacoste
28%
Marc Jacobs
28%
Miu Miu
27%
Vera Wang
26%
Balmain
25%
Coach
25%
Céline
24%
Chloé
21%
Vivienne Westwood
20%
Bottega Veneta
18%
Bvlgari
18%
Christian Louboutin
18%
Kenzo
17%
Moschino
17%
Stella Mccartney
17%
Omega
14%
Oscar de la Renta
14%
Loewe
13%
Swarovski
13%
Lancôme
12%
Salvatore Ferragamo
12%
Carolina Herrera
11%
Goyard
11%
Jean-Paul Gaultier
10%
Manolo Blahnik
10%
Max Mara
10%
Ray Ban
10%
Paco Rabanne
9%
Lanvin
8%
Longchamp
8%
Montblanc
8%
TAG Heuer
8%
Estee Lauder
7%
Loro Piana
7%
Maison Margiela
7%
Chopard
6%
Hublot
6%
Nina Ricci
6%
Roberto Cavalli
6%
Tissot
6%
Clinique
5%
Elie Saab
5%
Issey Miyake
5%
Jo Malone
5%
Brunello Cucinelli
4%
Dsquared
4%
Michel Kors
4%
Pierre Cardin
4%
Thierry Mugler
4%
Tod's
4%
Trussardi
4%
Bally
3%
Berluti
3%
Brioni
3%
Christian Lacroix
3%
Ermenegildo Zegna
3%
Longines
3%
Piaget
3%
Seiko
3%
Van Cleef & Arpels
3%
Viktor & Rolf
3%
Boucheron
2%
Davidoff
2%
Shiseido
2%
Sisley
2%
Vacheron Constantin
2%
Boglioli
1%
Canali
1%
Fiorucci
1%
Frédérique Constant
1%
Jaeger-LeCoultre
1%
Lalique
1%
Le Labo
1%
Moët & Chandon
1%
Narciso Rodriguez
1%
Orient
1%
Amouage
0%
Corneliani
0%
Grès
0%
Guy Laroche
0%
H. Stern
0%
Kiton
0%
Lardini
0%
Rémy Martin
0%
Stefano Ricci
0%
Suitsupply
0%

Score Distribution

Percentile by Number Answered

Percent of People with Each Score

Your Score History

You have not taken this quiz